| 000 | 00533cam a2200217ua 4500 | ||
|---|---|---|---|
| 020 | _c57.00 | ||
| 041 |
_aeng _h |
||
| 082 |
_a635 _bTHO/VE |
||
| 100 | _aThompson, Homer.C . | ||
| 245 |
_aVegetable crops / _cC.Homer Thompson. _hTextual Documents |
||
| 250 |
_a5 / _b. |
||
| 260 |
_a : _bTata Mc-Graw Hill Publishing Company , _c1983. |
||
| 300 | _a611 ; . | ||
| 365 | _a57.00 | ||
| 504 | _a | ||
| 700 | 1 | _aKelly, William.C . | |
| 942 | _cBK | ||
| 999 |
_c2577 _d2577 |
||